Zastupiteľstvo dalo zelenú podpore športu

Bibliographic Details
Format: Article
Language:Slovak
PhysicalDescription:Fotogr.
Subjects:

MARC

LEADER 00000nab a2200000 a 4500
001 vtls009512582
003 SK-MaSNL
005 20260303061153.0
008 090514 2009 xo | 000 0 slo
038 |a TNKJF 
040 |a TNKJF  |b slo  |c TNKJF  |e AACR2 
041 0 |a slo 
044 |a xo  |c SK 
080 |a 353.2  |x (437.612)  |2 2001 
245 0 0 |a Zastupiteľstvo dalo zelenú podpore športu  |c [autor] -jak- 
300 |b Fotogr. 
610 1 7 |a Trnavský samosprávny kraj (Slovensko).  |b Zastupiteľstvo  |2 tnkjf  |9 1054638 
650 0 7 |a zasadanie 24.  |2 tnkjf  |9 1054978 
651 7 |a Trnava (Slovensko)  |2 tnkjf  |9 19407 
773 0 |t Župný spravodajca  |g Roč. [3], č. 2 (2009), s. 3 
852 |a tnjkf  |b KIS3GCP 
999 |c 1734530  |d 1736460